|
|
|
|
| LEADER |
00000cam a2200000 7i4500 |
| 001 |
0000006151 |
| 005 |
20140406093000.0 |
| 008 |
021119s1982 |
| 090 |
0 |
0 |
|a BL65.S8
|b S9 1982
|
| 100 |
0 |
|
|a Sumardi, Mulyanto ,
|e author
|
| 245 |
0 |
0 |
|a Penelitian agama :
|b masalah dan pemikiran
|c Mulyanto Sumardi
|
| 260 |
2 |
|
|a Jakarta :
|b Sinar Harapan untuk Badan Penelitian dan Pembangunan Agama, Departemen Agama Republik Indonesia ,
|c 1982
|
| 300 |
|
|
|a 186 ms. ;
|c 21 sm.
|
| 650 |
|
0 |
|a Religion and state
|z Indonesia
|
| 999 |
|
|
|a 1000001030
|b Book
|c OPEN SHELF (30 DAYS)
|e Gong Badak Campus
|
| 999 |
|
|
|a 1000001031
|b Book
|c OPEN SHELF (30 DAYS)
|e Gong Badak Campus
|